000 00593nam a2200181Ia 4500
008 100920s9999 xx 000 0 und d
082 _b80503
_a891.43 न 02
100 _aधुमकेतू.
245 _aराजसंन्यासी.
260 _bसुरेन्द्रकुमार एण्ड सन्ज , दिल्ली.
_c2002
300 _a224
_bसाधी
365 _b250
520 _aहिंदी.
630 _aराजसंन्यासी.
650 _aहिंदी.
730 _aराजसंन्यासी.
942 _cBOOK
999 _c721396
_d721393